TSG Hoffenheim Bundesliga History - Statistiken

Allgemein
  • Dieses Quiz wurde 26 mal gespielt
    25 seit der letzten Aktualisierung
  • Das Durchschnittsergebnis liegt bei 40 aus 199
Antwortstatistiken
Hoffenheimer % Korrekt
Demba Ba
100%
Oliver Baumann
100%
Andrej Kramaric
86%
Roberto Firmino
77%
Fisnik Asllani
73%
Vedad Ibisevic
59%
Andreas Beck
55%
Ozan Kabak
55%
Wouter Burger
55%
Grischa Prömel
50%
Kevin Akpoguma
50%
Sebastian Rudy
50%
Sejad Salihovic
50%
Bazoumana Toure
45%
Christopf Baumgartner
45%
Niklas Süle
45%
Tim Lemperle
45%
Tim Wiese
45%
Tom Bischof
45%
Vincenco Grifo
45%
Alexander Prass
41%
Carlos Eduardo
41%
Jonathan Schmid
41%
Kevin Kuranyi
41%
Kevin Volland
41%
Muhammad Damar
41%
Pavel Kaderabek
41%
Sandro Wagner
41%
Serge Gnabry
41%
Timo Hildebrand
41%
Tobias Weis
41%
Adam Hlozek
36%
Anton Stach
36%
Chinedu Obasi
36%
David Alaba
36%
Kevin Vogt
36%
Luca Philipp
36%
Maximilian Beier
36%
Ramazan Özcan
36%
Vladimir Coufal
36%
Florian Grillitsch
32%
Ilhas Bebou
32%
Ishak Belfodil
32%
Luiz Gustavo
32%
Mark Uth
32%
Marvin Compper
32%
Max Moerstedt
32%
Nico Schulz
32%
Robin Hranac
32%
Georginio Rutter
27%
Gregor Kobel
27%
Jacob Bruun Larsen
27%
Joelinton
27%
Joselu
27%
Marco John
27%
Matthias Jaissle
27%
Pascal Groß
27%
Stanley Nsoki
27%
Valentin Gendrey
27%
Ádám Szalai
23%
Angelino
23%
Atilla Szalai
23%
Dennis Geiger
23%
Gift Orban
23%
Jens Grahl
23%
Kerem Demirbay
23%
Koen Casteels
23%
Marius Bülter
23%
Patrick Ochs
23%
Peniel Mlapa
23%
Philipp Ochs
23%
Robert Skov
23%
Stefan Posch
23%
Umut Tohumcu
23%
Wout Weghorst
23%
Angelo Stiller
18%
Anthony Modeste
18%
Arthur Chaves
18%
Avdullahu
18%
Benjamin Hübner
18%
David Abraham
18%
David Raum
18%
Dominik Kaiser
18%
Edson Braafheid
18%
Ermin Bicakcic
18%
Eugen Polanski
18%
Fabian Johnson
18%
Felix Passlack
18%
Finn Becker
18%
Haris Tabakovic
18%
Jeremy Toljan
18%
João Klauss
18%
John Brooks
18%
Josip Simunic
18%
Leonardo Bittencourt
18%
Munas Dabbur
18%
Reiss Nelson
18%
Sven Schipplock
18%
Tom Starke
18%
Albian Hajdari
14%
Andreas Ibertsberger
14%
Bernardo
14%
David Jurasek
14%
David Mokwa
14%
Diadie Samassekou
14%
Eduardo Vargas
14%
Eren Derdiyok
14%
Francisco Copado
14%
Gylfi Sigurdsson
14%
Håvard Nordtveit
14%
Jannik Vestergaard
14%
Julian Justvan
14%
Justin Hoogma
14%
Kasim Adams
14%
Kasper Dolberg
14%
Leon Hajdari
14%
Leo Østigård
14%
Marco Terrazzino
14%
Matthieu Delpierre
14%
Melayro Bogarde
14%
Mijat Gacinovic
14%
Ryan Babel
14%
Sargis Adamyan
14%
Steven Zuber
14%
Thomas Delaney
14%
Tim Drexler
14%
Tsolt Löw
14%
Bambasé Conté
9%
Boris Vukcevic
9%
Daniel Haas
9%
David Otto
9%
Fabian Schär
9%
Igor de Camargo
9%
Isaac Vorsah
9%
Jin-su Kim
9%
Koki Machida
9%
Pelle Jensen
9%
Philipp Pentke
9%
Pirmin Schwegler
9%
Ryan Sessegnon
9%
Takashi Usami
9%
Tarik Elyounoussi
9%
Tobias Strobl
9%
Wellington
9%
Adam Jabiri
5%
Alfonso Amade
5%
Andreas Ludwig
5%
Baris Atik
5%
Bruno Nazário
5%
Christian Eichner
5%
Christoph Janker
5%
Danny Williams
5%
Hennes Behrens
5%
Edouardo Quaresma
5%
Fabrício
5%
Florian Micheler
5%
Heurelho Gomes
5%
Ilay Elmkies
5%
Jiloan Hamad
5%
Joe Gyau
5%
Joshua Brenet
5%
Joshua Quarshie
5%
Jukka Raitala
5%
Jürgen Locadia
5%
Justin Che
5%
Kenan Karaman
5%
Knowledge Musona
5%
Luis Advíncula
5%
Lukas Rupp
5%
Maicosuel
5%
Manuel Gulde
5%
Nick Proschwitz
5%
Paul Hennrich
5%
Per Nilsson
5%
Robert Zulj
5%
Robin Hack
5%
Sead Kolasinac
5%
Selim Teber
5%
Srdjan Lakic
5%
Stephan Schröck
5%
Alexander Stolz
0%
Anthony Modeste
0%
Boubacar Sanogo
0%
Chris Richards
0%
Denis Streker
0%
Denis Thomalla
0%
Erencan Yardimci
0%
Franco Zuculini
0%
Kai Herdling
0%
Konstantinos Stafylidis
0%
Lucas Ribeiro
0%
Mërgim Berisha
0%
Nadiem Amiri
0%
Patrick Schorr
0%
Prince Tagoe
0%
Robin Szarka
0%
Russell Canouse
0%
Sandro Wieser
0%
Stefan Thesker
0%
Keine übereinstimmenden Quizze gefunden
Verteilung der Resultate
Anzahl Personen mit jedem Resultat
Perzentil nach korrekt beantworteten Fragen
Ihre Resultats-Entwicklung
Sie haben dieses Quiz seit der letzten Aktualisierung nicht gespielt